Draw now : (Record no. 27120)

000 -LEADER
fixed length control field 01370cam a22003374a 4500
001 - CONTROL NUMBER
control field 13765956
005 - DATE AND TIME OF LATEST TRANSACTION
control field 20170207122250.0
008 - FIXED-LENGTH DATA ELEMENTS--GENERAL INFORMATION
fixed length control field 041029s2005 ohua 001 0 eng
010 ## - LIBRARY OF CONGRESS CONTROL NUMBER
LC control number 2004025700
020 ## - INTERNATIONAL STANDARD BOOK NUMBER
International Standard Book Number 1581805950 (pbk. : alk. paper)
035 ## - SYSTEM CONTROL NUMBER
System control number (OCoLC)ocm56894559
037 ## - SOURCE OF ACQUISITION
Stock number 1240897
Source of stock number/acquisition QBI
050 00 - LIBRARY OF CONGRESS CALL NUMBER
Classification number NC730 .L57 2005
100 1# - MAIN ENTRY--PERSONAL NAME
Personal name Little, Ruth Glenn,
Dates associated with a name 1943-
245 10 - TITLE STATEMENT
Title Draw now :
Remainder of title 30 easy exercises for beginners /
Statement of responsibility, etc. Ruth Glenn Little.
246 30 - VARYING FORM OF TITLE
Title proper/short title 30 easy exercises for beginners
246 3# - VARYING FORM OF TITLE
Title proper/short title Thirty easy exercises for beginners
246 30 - VARYING FORM OF TITLE
Title proper/short title Easy exercises for beginners
250 ## - EDITION STATEMENT
Edition statement 1st ed.
260 ## - PUBLICATION, DISTRIBUTION, ETC. (IMPRINT)
Place of publication, distribution, etc. Cincinnati, Ohio :
Name of publisher, distributor, etc. North Light Books,
Date of publication, distribution, etc. c2005.
300 ## - PHYSICAL DESCRIPTION
Extent 95 p. :
Other physical details ill. ;
Dimensions 28 cm.
500 ## - GENERAL NOTE
General note Includes index.
650 #0 - SUBJECT ADDED ENTRY--TOPICAL TERM
Topical term or geographic name as entry element Drawing
General subdivision Technique.
856 41 - ELECTRONIC LOCATION AND ACCESS
Materials specified Table of contents
Uniform Resource Identifier <a href="http://www.loc.gov/catdir/toc/ecip053/2004025700.html">http://www.loc.gov/catdir/toc/ecip053/2004025700.html</a>
942 ## - ADDED ENTRY ELEMENTS (KOHA)
Source of classification or shelving scheme
Koha item type Hard Covered Materials
Holdings
Withdrawn status Lost status Source of classification or shelving scheme Damaged status Not for loan Home library Current library Shelving location Date acquired Source of acquisition Total Checkouts Full call number Barcode Date last seen Price effective from Koha item type
          MACHAKOS UNIVERSITY LIBRARY MACHAKOS UNIVERSITY LIBRARY Technical section 07/02/2017 Donation(BFA)   NC730 .L57 2005 34493 10/07/2018 07/02/2017 Hard Covered Materials
© Machakos University Library, Along The Highway, Machakos Wote Rd, Machakos, Kenya P.O. Box 136 - 90100 Machakos - Kenya

Tel: ( +254 ) 723 805829 OR Fax : 044-20353 OR Email: library@mksu.ac.ke